000 00361nam a2200145Ia 4500
008 200103s9999||||xx |||||||||||||| ||und||
020 _a33326398
040 _aIMU-MPC
082 _aColumn-23
100 _aGosling, John B.
245 0 _aDesign of Arithmatic Units for Digital Computers
260 _bMacmillan, London
_c1980
300 _ax, 139
942 _cBK
999 _c6881
_d6881